[Event "I Open I Like Elo"]
[Site "Roma ITA"]
[Date "2008.11.26"]
[Round "7"]
[White "Mulas, Icaro"]
[Black "Mecali, Antonello"]
[Result "1-0"]
[WhiteElo "1813"]
[BlackElo "1866"]
[PlyCount "83"]
[EventDate "2008.10.15"]

1. e4 c5 2. Nc3 Nc6 3. Nf3 d6 4. d4 cxd4 5. Nxd4 Nf6 6. Bg5 e6 7. Be2 Be7 8.
O-O Bd7 9. Ndb5 Qb8 10. Bf4 e5 11. Be3 a6 12. Na3 b5 13. Nd5 Nxe4 14. Nb6 Ra7
15. Nxd7 Rxd7 16. Qd5 Nd4 17. Bxd4 Nf6 18. Qc6 exd4 19. Qxa6 O-O 20. Nxb5 Rb7
21. a4 Bd8 22. a5 Nd5 23. Qc6 Nb4 24. Qc4 d3 25. a6 Nxa6 26. Bxd3 Nc5 27. Nd4
Rxb2 28. Rad1 Rb4 29. Qd5 Qb6 30. Nc6 Nxd3 31. Rxd3 Rb5 32. Qxd6 Bc7 33. Ne7+
Kh8 34. Ng6+ hxg6 35. Qxf8+ Kh7 36. Rh3+ Rh5 37. Rxh5+ gxh5 38. Qxf7 Kh6 39.
Re1 g6 40. g3 h4 41. Qf8+ Kg5 42. Qe7+ 1-0

[Event "I Open I Like Elo"]
[Site "Roma ITA"]
[Date "2008.11.26"]
[Round "7"]
[White "Pala, Giorgio"]
[Black "Attanasi, Salvatore"]
[Result "0-1"]
[WhiteElo "1988"]
[BlackElo "1784"]
[PlyCount "74"]
[EventDate "2008.10.15"]

1. e4 e6 2. d3 d5 3. Nd2 Nf6 4. g3 Bc5 5. Bg2 Nc6 6. Ngf3 dxe4 7. dxe4 e5 8.
O-O O-O 9. h3 Qe7 10. Qe2 b6 11. Nb3 Bd6 12. Re1 Bb7 13. Nh4 Rfe8 14. Nf5 Qe6
15. Bg5 Bf8 16. Rad1 h6 17. Bxf6 Qxf6 18. Ne3 Bd6 19. c3 Ne7 20. Rd2 a5 21.
Red1 Ba6 22. Qe1 Rab8 23. Na1 b5 24. Nac2 b4 25. cxb4 axb4 26. b3 Bb5 27. Nd5
Nxd5 28. Rxd5 Ba6 29. Ne3 Rb5 30. Bf1 Rb6 31. Bc4 Bb7 32. Qd2 Qf3 33. Bb5 Re6
34. Nc4 Bxd5 35. exd5 Rxb5 36. dxe6 fxe6 37. Nxd6 Rd5 0-1

[Event "I Open I Like Elo"]
[Site "Roma ITA"]
[Date "2008.11.26"]
[Round "7"]
[White "Quimi, Marco"]
[Black "Maggi, Fabrizio"]
[Result "1/2-1/2"]
[WhiteElo "2239"]
[BlackElo "2022"]
[PlyCount "194"]
[EventDate "2008.10.15"]

1. e4 e5 2. Nf3 Nc6 3. Bb5 Nf6 4. d3 d6 5. O-O g6 6. Nbd2 Bg7 7. Re1 Bd7 8. Nf1
a6 9. Ba4 b5 10. Bb3 Na5 11. Bg5 Nxb3 12. axb3 c5 13. Qd2 O-O 14. h3 Qc7 15.
Ne3 Be6 16. Qa5 Qd7 17. Bxf6 Bxf6 18. Nd5 Bd8 19. Qd2 f5 20. b4 fxe4 21. dxe4
Bxh3 22. Ng5 Bxg5 23. Qxg5 Qg4 24. Qxg4 Bxg4 25. c3 Ra7 26. Ne3 Be6 27. Red1
cxb4 28. Rxd6 Kf7 29. cxb4 Rfa8 30. Rb6 Rd7 31. Rxb5 axb5 32. Rxa8 Rd4 33. Ra7+
Kf6 34. Ra6 Kf7 35. Ra7+ Kf6 36. f3 Rxb4 37. Nd1 h5 38. Ra6 Kf7 39. Kf2 Rb3 40.
Rd6 h4 41. Rd2 Kf6 42. Ne3 Ke7 43. Nd1 Kf6 44. Nc3 Ke7 45. Ne2 g5 46. Nc3 Bc4
47. Nd1 Be6 48. Ne3 Kf6 49. Nd1 Ke7 50. Nc3 Bc4 51. Ke1 Be6 52. Kd1 b4 53. Na2
g4 54. fxg4 Bxg4+ 55. Kc2 Be6 56. Kc1 Bf7 57. Rc2 Kd6 58. Rf2 Be6 59. Kc2 Re3
60. Nxb4 Rxe4 61. Nd3 Rc4+ 62. Kd2 e4 63. Nf4 Rb4 64. Ke3 Bf7 65. Ne2 Be6 66.
Nc3 Ke5 67. Rd2 Rb3 68. Rf2 h3 69. gxh3 Bxh3 70. Rh2 Bf5 71. Rd2 Be6 72. Rf2
Bf5 73. Rh2 Be6 74. Rd2 Bf7 75. Rh2 Be6 76. Rh5+ Bf5 77. Rh2 Be6 78. Rd2 Bf7
79. Kf2 Be6 80. Re2 Bf5 81. Ke3 Be6 82. Rd2 Bf7 83. Re2 Be6 84. Rg2 Bf5 85. Rc2
Be6 86. Kd2 Bf5 87. Ke3 Be6 88. Rd2 Bf7 89. Kf2 Be6 90. Re2 Bf5 91. Kg3 Bg6 92.
Kf2 Bf5 93. Ke3 Be6 94. Kf2 Bf5 95. Rd2 Be6 96. Ke3 Bf7 97. Rc2 Be6 1/2-1/2

[Event "I Open I Like Elo"]
[Site "Roma ITA"]
[Date "2008.11.26"]
[Round "7"]
[White "Rampini, Carlo"]
[Black "Iacoacci, Giancarlo"]
[Result "1-0"]
[WhiteElo "1488"]
[BlackElo "1752"]
[PlyCount "75"]
[EventDate "2008.10.15"]

1. e4 c6 2. d4 d5 3. e5 c5 4. dxc5 e6 5. Qg4 Qc7 6. Nf3 Qxc5 7. Bd3 Qb4+ 8.
Qxb4 Bxb4+ 9. c3 Be7 10. O-O Bd7 11. c4 dxc4 12. Bxc4 Bc6 13. Nd4 a6 14. Nc3
Bd7 15. Re1 Nc6 16. Nf3 Bb4 17. Bd2 Nge7 18. a3 Bxc3 19. Bxc3 O-O 20. Rad1 Rfd8
21. Ng5 h6 22. Ne4 Nf5 23. Nd6 Nxd6 24. exd6 Be8 25. f4 Bd7 26. Re3 Re8 27.
Rde1 Rac8 28. Ba2 Kf8 29. Rg3 f6 30. Bb1 Nd8 31. Bg6 Nf7 32. Be4 Rb8 33. Rd1
Rec8 34. Bh7 Rc6 35. Bxf6 Rxd6 36. Rxd6 gxf6 37. Rg8+ Ke7 38. Rxd7+ 1-0

[Event "I Open I Like Elo"]
[Site "Roma ITA"]
[Date "2008.11.26"]
[Round "7"]
[White "Riccioni, Luigi"]
[Black "Silvestri, Maurizio"]
[Result "0-1"]
[WhiteElo "1467"]
[BlackElo "1627"]
[PlyCount "150"]
[EventDate "2008.10.15"]

1. e4 c5 2. Nf3 e6 3. Nc3 Nc6 4. Be2 a6 5. d3 Qc7 6. Bg5 b5 7. Qd2 Bd6 8. Rd1
Nd4 9. h3 Bb7 10. Nb1 b4 11. c3 Nxf3+ 12. Bxf3 a5 13. O-O Nf6 14. Rfe1 h6 15.
Bxf6 gxf6 16. Qc2 Rg8 17. Nd2 Rc8 18. Nc4 Bf4 19. Ne3 Bxe3 20. Rxe3 Ke7 21. Qe2
e5 22. d4 cxd4 23. cxd4 Qc2 24. dxe5 fxe5 25. Qb5 Qc7 26. Red3 Bc6 27. Qc5+ Ke8
28. Rd6 Rg6 29. Qxe5+ Re6 30. Rxe6+ dxe6 31. Qh8+ Ke7 32. Qxh6 Qe5 33. Qd2 Ba4
34. b3 Bb5 35. Be2 Bc6 36. f3 Qc5+ 37. Kh1 Qe5 38. Bc4 Rg8 39. Qd4 Qg5 40. Qd6+
Kf6 41. Bf1 Bb5 42. Qd4+ Ke7 43. Qf2 Bc6 44. Qd2 Qe5 45. Rc1 Bb7 46. Bc4 Rd8
47. Qf2 Qg5 48. Rg1 Rd2 49. Qa7 Rd7 50. Qb8 Bc6 51. Qb6 Rd6 52. Qc7+ Bd7 53.
Rf1 Rd2 54. Qh2 Rxa2 55. f4 Qh5 56. f5 Qg5 57. f6+ Kf8 58. Qb8+ Be8 59. Qd6+
Kg8 60. Qh2 Rd2 61. Rf3 Rd1+ 62. Bf1 Bb5 63. Qb8+ Kh7 64. Qf4 Qxf4 65. Rxf4
Rxf1+ 66. Rxf1 Bxf1 67. h4 Bd3 68. e5 Bc2 69. g4 Bxb3 70. Kg2 a4 71. Kg3 a3 72.
h5 a2 73. g5 a1=Q 74. g6+ fxg6 75. f7 Qxe5+ 0-1

[Event "I Open I Like Elo"]
[Site "Roma ITA"]
[Date "2008.11.26"]
[Round "7"]
[White "Sarti, Emanuele"]
[Black "Marigliani, Cristiano"]
[Result "0-1"]
[WhiteElo "1467"]
[BlackElo "1533"]
[PlyCount "42"]
[EventDate "2008.10.15"]

1. e4 c5 2. Nf3 d6 3. d4 cxd4 4. Nxd4 Nf6 5. Nc3 g6 6. Bg5 Bg7 7. Qd2 Nc6 8.
Bb5 Bd7 9. Bh6 Bxh6 10. Qxh6 Nxd4 11. Bxd7+ Qxd7 12. O-O-O Nb5 13. Na4 Rc8 14.
e5 Ng4 15. Qd2 Nxe5 16. Rhe1 Qf5 17. b3 O-O 18. f3 Na3 19. Nc3 Rxc3 20. Qxc3
Rc8 21. g4 Qxc2+ 0-1

[Event "Weekend Accademia A Autunno"]
[Site "Roma ITA"]
[Date "2008.10.17"]
[Round "1"]
[White "Carnicelli, Valerio"]
[Black "Di Lascio, Savino"]
[Result "0-1"]
[WhiteElo "1705"]
[BlackElo "1953"]
[PlyCount "62"]
[EventDate "2008.10.17"]

1. e4 c6 2. d4 d5 3. Nc3 dxe4 4. Nxe4 Nf6 5. Nxf6+ gxf6 6. c3 Bf5 7. Ne2 e6 8.
Ng3 Bg6 9. h4 h5 10. Be2 Qa5 11. b4 Qc7 12. Nxh5 a5 13. bxa5 Bxh5 14. Bxh5 Qxa5
15. Bxf7+ Kxf7 16. Qb3 Qa6 17. Be3 Nd7 18. h5 Bh6 19. g4 Bxe3 20. fxe3 Qd3 21.
Kf2 b5 22. Rhd1 Qe4 23. Rg1 Nb6 24. Qb1 Qxb1 25. Rgxb1 Ra3 26. Rb3 Rha8 27.
Rxa3 Rxa3 28. h6 Kg6 29. Rh1 Rxa2+ 30. Kg3 Kh7 31. Kf4 Nd5+ 0-1

[Event "Weekend Accademia A Autunno"]
[Site "Roma ITA"]
[Date "2008.10.17"]
[Round "1"]
[White "Carotenuto, Piero"]
[Black "Vignato, Giovanni"]
[Result "0-1"]
[WhiteElo "1744"]
[BlackElo "2029"]
[PlyCount "106"]
[EventDate "2008.10.17"]

1. d4 d5 2. c4 e6 3. Nc3 f5 4. Nf3 Nf6 5. Bf4 c6 6. e3 Be7 7. Bd3 O-O 8. O-O
Ne4 9. Bxe4 dxe4 10. Ne5 Nd7 11. f3 g5 12. Nxd7 Bxd7 13. Be5 exf3 14. Rxf3 g4
15. Rf1 Bf6 16. Bxf6 Rxf6 17. e4 Rh6 18. Qe1 Qg5 19. Qf2 Rf8 20. Qf4 Qg7 21. e5
Rg6 22. g3 h5 23. Rf2 h4 24. Raf1 Rf7 25. Ne4 Re7 26. Nf6+ Kf8 27. Qd2 Rh6 28.
Qa5 hxg3 29. hxg3 Qh8 30. Rg2 Rh1+ 31. Kf2 Rxf1+ 32. Kxf1 Qh1+ 33. Kf2 Qd1 34.
Qc3 c5 35. Rg1 Qxd4+ 36. Qxd4 cxd4 37. Rd1 Bc6 38. Rxd4 Kf7 39. b4 a6 40. a3
Rc7 41. c5 Rc8 42. Rd2 Rh8 43. Ke3 Rh1 44. Kf2 Bb5 45. Ke3 Ra1 46. Rb2 Rxa3+
47. Kf2 Rf3+ 48. Kg2 Bc6 49. Rf2 Rb3+ 50. Kh2 Rb1 51. Rg2 Rxb4 52. Nh7 a5 53.
Ng5+ Ke7 0-1

[Event "Weekend Accademia A Autunno"]
[Site "Roma ITA"]
[Date "2008.10.17"]
[Round "1"]
[White "Condemi De Felice, Alfonso"]
[Black "Testa, Adriano"]
[Result "1/2-1/2"]
[WhiteElo "1823"]
[BlackElo "2084"]
[PlyCount "116"]
[EventDate "2008.10.17"]

1. d4 d5 2. Nf3 Nf6 3. e3 c5 4. Bd3 Nc6 5. O-O e6 6. b3 Bd6 7. Bb2 O-O 8. Nbd2
Qe7 9. Ne5 cxd4 10. exd4 Ba3 11. Nxc6 bxc6 12. Bxa3 Qxa3 13. Qe2 c5 14. c3 Bb7
15. f3 Rfc8 16. Nb1 Qa5 17. a3 Qb6 18. dxc5 Rxc5 19. Qf2 Rac8 20. b4 R5c6 21.
Qxb6 Rxb6 22. a4 e5 23. a5 Rd6 24. a6 Ba8 25. Rc1 e4 26. fxe4 dxe4 27. Bf1 Nd5
28. b5 e3 29. c4 Nf4 30. Ra2 Bxg2 31. Rxg2 Nxg2 32. Kxg2 Re8 33. Nc3 f5 34. c5
Rd2+ 35. Be2 Rb2 36. c6 Kf7 37. Kf3 Ke6 38. Nd1 Rd2 39. Nxe3 Rdd8 40. Bc4+ Kd6
41. Rd1+ Kc5 42. Rxd8 Rxd8 43. c7 Rc8 44. b6 Kxb6 45. Nd5+ Kc5 46. Bb3 g5 47.
h4 h6 48. hxg5 hxg5 49. Ke3 Re8+ 50. Kd3 Rc8 51. Bc4 g4 52. Nf4 g3 53. Ne6+ Kd6
54. Ke3 Ke5 55. Kf3 f4 56. Bb3 Kd6 57. Bc4 Ke5 58. Bb3 Kd6 1/2-1/2

[Event "Weekend Accademia A Autunno"]
[Site "Roma ITA"]
[Date "2008.10.17"]
[Round "1"]
[White "De Carolis, Massimo"]
[Black "Musmarra, Giovanni"]
[Result "1-0"]
[WhiteElo "1973"]
[BlackElo "1725"]
[PlyCount "57"]
[EventDate "2008.10.17"]

1. e4 e5 2. Nf3 Nc6 3. Bb5 a6 4. Ba4 Nf6 5. O-O Be7 6. Re1 b5 7. Bb3 O-O 8. c3
d5 9. exd5 Nxd5 10. Nxe5 Nxe5 11. Rxe5 c6 12. d4 Bd6 13. Re1 Qh4 14. g3 Qh3 15.
Re4 Bg4 16. Rxg4 Nf6 17. Rh4 Qf5 18. Bc2 Qe6 19. Bg5 h6 20. Bxf6 Qxf6 21. Nd2
g5 22. Ne4 Qg7 23. Rh5 Be7 24. Qd3 f5 25. Bb3+ Kh8 26. Nd2 Qg6 27. g4 Kg7 28.
Re1 Bd6 29. Re6 1-0

[Event "Weekend Accademia A Autunno"]
[Site "Roma ITA"]
[Date "2008.10.17"]
[Round "1"]
[White "Gromovs, Sergejs"]
[Black "Vannelli, Vittorio"]
[Result "1-0"]
[WhiteElo "2368"]
[BlackElo "1884"]
[PlyCount "77"]
[EventDate "2008.10.17"]

1. d4 d5 2. c4 e6 3. Nc3 Nf6 4. Nf3 c6 5. Bg5 dxc4 6. e4 b5 7. e5 h6 8. Bh4 g5
9. Nxg5 hxg5 10. Bxg5 Qa5 11. Bxf6 Rg8 12. a3 Nd7 13. Bh4 Bb7 14. Be2 c5 15.
Bf3 Qb6 16. dxc5 Nxc5 17. O-O Nd3 18. Ne4 Be7 19. Nf6+ Bxf6 20. Bxf6 Nf4 21. g3
Bd5 22. Bxd5 Nxd5 23. Qd2 Rc8 24. Rad1 a5 25. Qh6 Qc5 26. Qh7 Rg6 27. Bg7 Qe7
28. h4 Kd7 29. Bf6 Qe8 30. Qh5 Kc6 31. Qf3 Qd7 32. Rd4 Rcg8 33. a4 Kb6 34. Rfd1
Qc6 35. axb5 Qc5 36. Bg5 Qxb5 37. Qxf7 R8g7 38. Qf8 Qc5 39. Bd8+ 1-0

[Event "Weekend Accademia A Autunno"]
[Site "Roma ITA"]
[Date "2008.10.17"]
[Round "1"]
[White "Luzi, Alessandro"]
[Black "Aleksic, Nenad"]
[Result "0-1"]
[WhiteElo "1912"]
[BlackElo "2376"]
[PlyCount "36"]
[EventDate "2008.10.17"]

1. e4 c5 2. Nf3 d6 3. d4 cxd4 4. Nxd4 Nf6 5. Nc3 a6 6. Be2 e6 7. O-O Nbd7 8.
Be3 Qc7 9. f4 b5 10. a3 Bb7 11. Bf3 Rd8 12. Qe1 h6 13. Qg3 e5 14. Nf5 g6 15.
Nh4 exf4 16. Bxf4 g5 17. Bxg5 hxg5 18. Qxg5 Qc5+ 0-1

[Event "Weekend Accademia A Autunno"]
[Site "Roma ITA"]
[Date "2008.10.17"]
[Round "1"]
[White "Maddaloni, Giovanni"]
[Black "De Leon Cultri Fascetti, Angelo"]
[Result "1/2-1/2"]
[WhiteElo "1841"]
[BlackElo "2142"]
[PlyCount "102"]
[EventDate "2008.10.17"]

1. e4 c6 2. d4 d5 3. e5 Bf5 4. Nf3 e6 5. Be2 c5 6. c3 Nc6 7. O-O Qb6 8. b3 cxd4
9. cxd4 Nge7 10. Ba3 Bxb1 11. Bc5 Qc7 12. Qxb1 Nf5 13. Bxf8 Kxf8 14. Qb2 h5 15.
Bd3 Nfe7 16. Rac1 Qb6 17. Bb1 g6 18. Qd2 Kg7 19. Qf4 Rhf8 20. h4 a5 21. Qf6+
Kg8 22. Rxc6 Nxc6 23. Bxg6 Qd8 24. Bh7+ Kxh7 25. Ng5+ Kg8 26. Qh6 Qxg5 27.
Qxg5+ Kh7 28. Qxh5+ Kg7 29. Qg5+ Kh7 30. Rd1 Rg8 31. Qh5+ Kg7 32. Rd3 Ne7 33.
Qg5+ Kf8 34. Qh6+ Ke8 35. Rg3 Rf8 36. Rc3 Kd7 37. Qc1 Rac8 38. Rxc8 Rxc8 39.
Qf4 Rf8 40. g4 Ke8 41. h5 Rg8 42. Kg2 Nc6 43. f3 Ne7 44. Kf2 Kd7 45. Qc1 b6 46.
h6 Rh8 47. Qa3 Rxh6 48. Qd6+ Ke8 49. Kg2 Rg6 50. Qxb6 Kd7 51. Qxa5 Nf5 1/2-1/2

[Event "Weekend Accademia A Autunno"]
[Site "Roma ITA"]
[Date "2008.10.17"]
[Round "1"]
[White "Pecorari, Marcello"]
[Black "Bolla, Vittorio"]
[Result "1-0"]
[WhiteElo "2076"]
[BlackElo "1820"]
[PlyCount "51"]
[EventDate "2008.10.17"]

1. e4 e6 2. d4 d5 3. exd5 exd5 4. c4 Bb4+ 5. Nc3 Bxc3+ 6. bxc3 Nf6 7. Nf3 O-O
8. Bd3 Re8+ 9. Be3 Ng4 10. O-O Nxe3 11. fxe3 Rxe3 12. Ne5 f5 13. cxd5 Qg5 14.
d6 Be6 15. dxc7 Nc6 16. Nf3 Qh5 17. Qd2 f4 18. Rae1 Qh6 19. Bb5 Ne7 20. c4 a6
21. d5 Bf5 22. d6 Rd3 23. Qc3 Qxd6 24. c5 Qxc7 25. Bxd3 Bxd3 26. Qb3+ 1-0

[Event "Weekend Accademia A Autunno"]
[Site "Roma ITA"]
[Date "2008.10.17"]
[Round "1"]
[White "Pelyushenko, Vladyslav"]
[Black "Quimi, Marco"]
[Result "0-1"]
[WhiteElo "1880"]
[BlackElo "2239"]
[PlyCount "88"]
[EventDate "2008.10.17"]

1. d4 Nf6 2. c4 c6 3. Nc3 d5 4. Nf3 dxc4 5. a4 Bf5 6. Bf4 Na6 7. e3 Nb4 8. Rc1
Bd3 9. Ne5 Bxf1 10. Rxf1 Nfd5 11. Nxc4 Nxf4 12. exf4 e6 13. f3 Qh4+ 14. g3 Qxh2
15. Ne4 O-O-O 16. Rf2 Qg1+ 17. Ke2 Qxd1+ 18. Rxd1 h6 19. Ne5 Rd7 20. Nxd7 Kxd7
21. Nc5+ Kc7 22. Kf1 Be7 23. Re2 Rd8 24. Rde1 Rxd4 25. Ne4 Nd5 26. b3 Bb4 27.
Rc1 Rd3 28. Kf2 Rxb3 29. Ra2 b6 30. Rac2 c5 31. Ra2 Kc6 32. a5 f5 33. axb6 axb6
34. Nd2 Bxd2 35. Rxd2 b5 36. Re2 Nc7 37. Rd1 c4 38. Rd8 c3 39. Ke3 Rb1 40. Rc8
Rd1 41. Rc2 b4 42. Ke2 Rd5 43. Rb8 Nb5 44. Ra8 Nd4+ 0-1

[Event "Weekend Accademia A Autunno"]
[Site "Roma ITA"]
[Date "2008.10.17"]
[Round "1"]
[White "Prudenzano, Ruggero"]
[Black "Marzio, Mario"]
[Result "1-0"]
[WhiteElo "1925"]
[BlackElo "1469"]
[PlyCount "47"]
[EventDate "2008.10.17"]

1. d4 f5 2. Bg5 d5 3. e3 Nd7 4. c4 c6 5. Nc3 Ngf6 6. Bd3 g6 7. Nh3 Bg7 8. Nf4
Nf8 9. Qb3 h6 10. Bxf6 Bxf6 11. cxd5 g5 12. dxc6 gxf4 13. cxb7 Rb8 14. bxc8=Q
Rxc8 15. Bxf5 Rb8 16. Qc2 Kf7 17. O-O Qa5 18. Ne4 Kg7 19. Nxf6 exf6 20. Qe4 Qc7
21. Rac1 Qf7 22. Qxf4 Rb7 23. b3 Ng6 24. Qg3 1-0

[Event "Weekend Accademia A Autunno"]
[Site "Roma ITA"]
[Date "2008.10.17"]
[Round "1"]
[White "Puliatti, Carlo"]
[Black "Caporale, Giuseppe Guido"]
[Result "1/2-1/2"]
[WhiteElo "2111"]
[BlackElo "1833"]
[PlyCount "141"]
[EventDate "2008.10.17"]

1. e4 c5 2. Nf3 d6 3. d4 cxd4 4. Nxd4 Nf6 5. Nc3 a6 6. Bg5 e6 7. f4 b5 8. e5
dxe5 9. fxe5 Qc7 10. exf6 Qe5+ 11. Be2 Qxg5 12. O-O Bb7 13. Bf3 Ra7 14. Kh1
Bxf3 15. Qxf3 Qxf6 16. Qg3 Qe7 17. Rad1 Qc7 18. Qf3 Bc5 19. Ndxb5 axb5 20. Nxb5
Qb7 21. Nxa7 Qxa7 22. Rd3 O-O 23. Rfd1 Be7 24. Rb3 Bf6 25. a3 Qc5 26. Qd3 g6
27. Rb5 Qc7 28. Qf3 Qxc2 29. Rf1 Bd4 30. Rb7 f5 31. Qf4 Qc8 32. Rxb8 Qxb8 33.
Qxd4 Qb5 34. Re1 Re8 35. a4 Qa5 36. Re5 Rd8 37. Rxa5 Rxd4 38. h3 Rb4 39. Rb5
Rxa4 40. b4 Kf7 41. Kh2 f4 42. Rb7+ Kf6 43. b5 Rb4 44. b6 e5 45. Rb8 Ke6 46. b7
Kd7 47. Rh8 Rxb7 48. Rxh7+ Kc6 49. Rh6 Rg7 50. Kg1 Kd5 51. Kf2 Ke4 52. Rh8 Ra7
53. Rb8 Ra2+ 54. Kf1 Kd4 55. Rb4+ Kc5 56. Rb8 e4 57. Rf8 Kd4 58. Rxf4 Ke3 59.
g3 Kd3 60. Rf6 g5 61. Rf5 Rh2 62. Rxg5 Rxh3 63. Kg2 Rh8 64. Rd5+ Ke3 65. g4 Kf4
66. Rf5+ Kxg4 67. Rf7 e3 68. Kf1 Rh2 69. Ke1 Kg3 70. Rg7+ Kf4 71. Rf7+ 1/2-1/2

[Event "Weekend Accademia A Autunno"]
[Site "Roma ITA"]
[Date "2008.10.17"]
[Round "1"]
[White "Wollenweber, Carsten"]
[Black "Tosi, Francesco"]
[Result "1-0"]
[WhiteElo "2151"]
[BlackElo "1867"]
[PlyCount "55"]
[EventDate "2008.10.17"]

1. e4 c5 2. Nf3 Nf6 3. e5 Nd5 4. Nc3 e6 5. Nxd5 exd5 6. d4 Nc6 7. dxc5 Bxc5 8.
Qxd5 d6 9. exd6 Qb6 10. Qe4+ Be6 11. Qh4 Bxd6 12. Bd3 Nb4 13. O-O Nxd3 14. cxd3
O-O 15. Qe4 Rae8 16. Ng5 g6 17. Qh4 h5 18. Ne4 Be7 19. Bg5 Bxg5 20. Qxg5 Kg7
21. Nf6 Rd8 22. Nxh5+ Kh7 23. Nf4 Qxb2 24. Rab1 Qxa2 25. Rxb7 Bf5 26. Qf6 a5
27. Ra1 Rd6 28. Qh4+ 1-0

[Event "Weekend Accademia A Autunno"]
[Site "Roma ITA"]
[Date "2008.10.18"]
[Round "2"]
[White "Aleksic, Nenad"]
[Black "Pecorari, Marcello"]
[Result "1-0"]
[WhiteElo "2376"]
[BlackElo "2076"]
[PlyCount "85"]
[EventDate "2008.10.17"]

1. e4 Nf6 2. d3 d6 3. Nf3 g6 4. c3 Bg7 5. Be2 c5 6. O-O O-O 7. Re1 Nc6 8. Bf1
Bg4 9. Nbd2 b5 10. h3 Bxf3 11. Nxf3 b4 12. cxb4 Nxb4 13. Bd2 Qb6 14. Bc3 e5 15.
Nd2 a5 16. Nc4 Qc7 17. g3 Nd7 18. Bg2 Nb6 19. Ne3 Rab8 20. Rf1 Qd7 21. Qd2 f5
22. exf5 gxf5 23. Nc4 f4 24. Qe2 Nxc4 25. dxc4 Nc6 26. Qh5 Nd4 27. Bd5+ Kh8 28.
Be4 Bf6 29. Kh2 Qf7 30. Qh6 Qg7 31. Qxg7+ Bxg7 32. b3 Rf7 33. Bxa5 Rbf8 34. g4
f3 35. Bd2 Bf6 36. Be3 Bh4 37. Rad1 Ra7 38. Rd2 Kg7 39. g5 Ra6 40. Rg1 Nf5 41.
Bxf5 Rxf5 42. Rg4 d5 43. cxd5 1-0

[Event "Weekend Accademia A Autunno"]
[Site "Roma ITA"]
[Date "2008.10.18"]
[Round "2"]
[White "Bolla, Vittorio"]
[Black "Luzi, Alessandro"]
[Result "1/2-1/2"]
[WhiteElo "1820"]
[BlackElo "1912"]
[PlyCount "116"]
[EventDate "2008.10.17"]

1. e4 c6 2. d4 d5 3. f3 dxe4 4. fxe4 Nf6 5. Nc3 g6 6. h3 Bg7 7. Nf3 O-O 8. Bc4
e6 9. Bf4 Nbd7 10. Qd2 Nb6 11. Bb3 a5 12. a4 Nh5 13. Bh2 Bd7 14. g4 Nf6 15.
O-O-O Rc8 16. Bd6 Re8 17. Qf4 Na8 18. Ne5 b5 19. g5 Nh5 20. Qxf7+ Kh8 21. h4
Nb6 22. Bc5 Rf8 23. Bxb6 Bxe5 24. Bxd8 Rxf7 25. Bxa5 Bd6 26. e5 Be7 27. Ne4
bxa4 28. Bxa4 Ra8 29. b4 Bxb4 30. Bxb4 Rxa4 31. Bc5 Ng7 32. Nf6 Nf5 33. h5 Ng3
34. hxg6 Rg7 35. Rxh7+ Rxh7 36. gxh7 Bc8 37. g6 Ra1+ 38. Kd2 Nf1+ 39. Ke1 Rxd1+
40. Kxd1 Ne3+ 41. Kd2 Nf5 42. c3 Nh4 43. Ke3 Nxg6 44. Kf3 Nh4+ 45. Kg4 Nf5 46.
Kg5 Kg7 47. Bf8+ Kh8 48. Kg6 Nh4+ 49. Kf7 Nf5 50. c4 Ba6 51. Kxe6 Nxd4+ 52. Kd6
Bxc4 53. Kc5 Ne6+ 54. Kxc4 Nxf8 55. Kc5 Kg7 56. Kxc6 Ng6 57. Kd6 Nxe5 58. Kxe5
Kh8 1/2-1/2

[Event "Weekend Accademia A Autunno"]
[Site "Roma ITA"]
[Date "2008.10.18"]
[Round "2"]
[White "Caporale, Giuseppe Guido"]
[Black "Maddaloni, Giovanni"]
[Result "1-0"]
[WhiteElo "1833"]
[BlackElo "1841"]
[PlyCount "75"]
[EventDate "2008.10.17"]

1. d4 Nf6 2. c4 e6 3. Nf3 Bb4+ 4. Bd2 Qe7 5. Qc2 Nc6 6. Nc3 d6 7. e4 Bxc3 8.
Bxc3 e5 9. O-O-O O-O 10. d5 Nb8 11. h3 a5 12. g4 Nbd7 13. Nd2 Nc5 14. b3 Bd7
15. a4 c6 16. f3 cxd5 17. exd5 Rfc8 18. Kb2 b6 19. Bg2 Ra7 20. Rde1 Qd8 21. Nb1
Rac7 22. Na3 Na6 23. Qd2 Rc5 24. Re3 Qc7 25. Rc1 Nb4 26. f4 exf4 27. Re7 Qd8
28. Bxf6 gxf6 29. Rce1 b5 30. Qd4 bxa4 31. Qxf6 Qf8 32. Be4 Be8 33. Nb5 Bxb5
34. Bxh7+ Kxh7 35. Rxf7+ Qxf7 36. Qxf7+ Kh8 37. Re7 Nd3+ 38. Ka3 1-0

[Event "Weekend Accademia A Autunno"]
[Site "Roma ITA"]
[Date "2008.10.18"]
[Round "2"]
[White "De Leon Cultri Fascetti, Angelo"]
[Black "Prudenzano, Ruggero"]
[Result "1-0"]
[WhiteElo "2142"]
[BlackElo "1925"]
[PlyCount "83"]
[EventDate "2008.10.17"]

1. d4 Nf6 2. Nf3 g6 3. c4 c5 4. d5 b5 5. Bg5 Bg7 6. Qc2 d6 7. Nbd2 bxc4 8. e4
O-O 9. Bxc4 Nbd7 10. O-O Rb8 11. Rad1 Ng4 12. b3 Nge5 13. Nxe5 Nxe5 14. f4 Ng4
15. f5 Bd4+ 16. Kh1 Nf2+ 17. Rxf2 Bxf2 18. Nf3 Bd4 19. Nxd4 cxd4 20. Qf2 f6 21.
Bc1 g5 22. Rxd4 Kg7 23. Rd3 Bd7 24. Qxa7 Ra8 25. Qf2 Qa5 26. a4 Rfc8 27. Bd2
Qd8 28. h4 h6 29. Qd4 Qe8 30. hxg5 hxg5 31. Rh3 Qf7 32. Bxg5 Rh8 33. Bh4 Rh6
34. Qe3 Rah8 35. g3 Qe8 36. Rh2 Qb8 37. Qc1 Qb4 38. Qd2 Qa3 39. Kg2 Qa1 40. a5
Qb1 41. Qe2 Be8 42. Rh1 1-0

[Event "Weekend Accademia A Autunno"]
[Site "Roma ITA"]
[Date "2008.10.18"]
[Round "2"]
[White "Di Lascio, Savino"]
[Black "Wollenweber, Carsten"]
[Result "0-1"]
[WhiteElo "1953"]
[BlackElo "2151"]
[PlyCount "80"]
[EventDate "2008.10.17"]

1. e4 d5 2. exd5 Nf6 3. Nc3 Nxd5 4. Qf3 c6 5. Bc4 Be6 6. Nge2 Nc7 7. Bb3 g6 8.
d4 Bg7 9. Bf4 Bxb3 10. axb3 Nba6 11. O-O Nb4 12. Rfc1 O-O 13. Be5 Bh6 14. Bf4
Bxf4 15. Qxf4 Ne6 16. Qe3 Qd7 17. Ra4 a5 18. Nd1 Rfd8 19. c3 Nd5 20. Qg3 c5 21.
Ne3 b5 22. Raa1 cxd4 23. cxd4 Nb4 24. Rd1 Qa7 25. d5 Nc5 26. Nd4 Qb6 27. Ndf5
Rd7 28. h4 Nxb3 29. Ra3 a4 30. Ng4 f6 31. d6 Kh8 32. Nxe7 Nd4 33. Re1 Qxd6 34.
h5 Nbc2 35. Qh4 g5 36. Nh6 gxh4 37. Nf7+ Kg7 38. Nxd6 Nxe1 39. Nef5+ Nxf5 40.
Nxf5+ Kg8 0-1

[Event "Weekend Accademia A Autunno"]
[Site "Roma ITA"]
[Date "2008.10.18"]
[Round "2"]
[White "Mircoli, Gianluca"]
[Black "Condemi De Felice, Alfonso"]
[Result "0-1"]
[WhiteElo "1946"]
[BlackElo "1823"]
[PlyCount "90"]
[EventDate "2008.10.17"]

1. d4 g6 2. Nf3 Bg7 3. Bg5 d6 4. Nbd2 Nd7 5. c3 b6 6. e3 Bb7 7. Bd3 Ngf6 8. Qc2
c5 9. O-O O-O 10. Ne1 Rc8 11. f4 Nd5 12. f5 cxd4 13. fxg6 dxc3 14. gxf7+ Kh8
15. Qd1 Rxf7 16. Rxf7 Qg8 17. Qh5 cxd2 18. Nc2 N5f6 19. Bxf6 Nxf6 20. Bxh7 Nxh5
21. Bxg8 Kxg8 22. Rf2 Rxc2 23. Rd1 Bxb2 24. Rfxd2 Rxd2 25. Rxd2 Ba3 26. Rd4 Bc5
27. Rg4+ Kf7 28. Kf2 Nf6 29. Rf4 Ke6 30. Rh4 Nd5 31. Rh6+ Kd7 32. Rg6 Bxe3+ 33.
Ke1 Nf4 34. Rg8 Nxg2+ 35. Ke2 Bc5 36. Rh8 Nf4+ 37. Kd2 Ng6 38. Rh6 Ne5 39. h4
Bd5 40. Rh8 Bxa2 41. h5 Nf7 42. Ra8 a5 43. Ra7+ Ke6 44. Ra8 Bd5 45. Rg8 Be4 0-1

[Event "Weekend Accademia A Autunno"]
[Site "Roma ITA"]
[Date "2008.10.18"]
[Round "2"]
[White "Musmarra, Giovanni"]
[Black "Pelyushenko, Vladyslav"]
[Result "1/2-1/2"]
[WhiteElo "1725"]
[BlackElo "1880"]
[PlyCount "80"]
[EventDate "2008.10.17"]

1. e4 d6 2. d4 Nf6 3. Nc3 g6 4. Bd3 Bg7 5. f4 O-O 6. Nf3 c6 7. h3 Nbd7 8. Be3
b5 9. O-O b4 10. Ne2 c5 11. Ng3 a5 12. Qd2 Ba6 13. Bxa6 Rxa6 14. Rad1 Qa8 15.
e5 Ne4 16. Nxe4 Qxe4 17. Rfe1 cxd4 18. Bxd4 Qb7 19. e6 Nf6 20. Ng5 fxe6 21.
Nxe6 Rc8 22. Nxg7 Kxg7 23. c3 Kf7 24. Qe2 d5 25. Bxf6 Rxf6 26. cxb4 axb4 27.
Qe5 Rc4 28. Rxd5 Rcxf4 29. Rb5 Qa7+ 30. Kh1 R4f5 31. Qe2 Qc7 32. Rxf5 Rxf5 33.
Qe6+ Kf8 34. Qe4 Qd6 35. Qe3 Rf7 36. Kg1 Qf6 37. Qd2 Qb6+ 38. Qe3 Qf6 39. Qd2
Qh4 40. Qe3 Qf6 1/2-1/2